Statistics for Random country rankings

Click here to take the quiz!

General Stats

  • This quiz has been taken 12 times
  • The average score is 4 of 17

Answer Stats

HintAnswer% Correct
16th largest countryLibya
63%
10th most populated countryJapan
63%
7th northernmost countryIceland
50%
12th country alphabeticallyBahamas
38%
Country with 7th highest number of international touristsGermany
38%
100th largest countryBenin
25%
3rd largest landlocked countryChad
25%
Average the size of all countries, this country comes closest to that sizeTurkey
13%
8th most overweight countryKuwait
13%
1st country in false teeth productionLiechtenstein
13%
Country with 5th highest forest areaDemocratic Republic of Congo
13%
Country with 12th longest coastlineUnited Kingdom
13%
Country with 3rd highest lowest pointAndorra
13%
5th worst country for press freedomChina
0%
Country with 6th highest apple productionItaly
0%
37th most populated countryCanada
0%
2nd country to abolish the death penaltySan Marino
0%

Score Distribution

Percentile by Number Answered

Percent of People with Each Score

Your Score History

You have not taken this quiz